[Event "SB-2021-0-00620"]
[Site "LSS email"]
[Date "2021.08.08"]
[Round "?"]
[White "Krabbenbos, Jan"]
[Black "Quirk, Michael"]
[Result "1/2-1/2"]
[WhiteElo "1973"]
[BlackElo "1814"]
[PlyCount "77"]
[EventDate "2021.07.07"]
[EventType "tourn (corr)"]
[EventRounds "6"]
[EventCountry "GER"]
[SourceTitle "Corr 2024"]
[Source "ChessBase"]
[SourceDate "2023.10.19"]
[SourceVersion "1"]
[SourceVersionDate "2023.10.19"]
[SourceQuality "1"]

1. e4 e5 2. Nf3 Nc6 3. Bb5 a6 4. Ba4 Nf6 5. 0-0 Be7 6. Re1 b5 7. Bb3 d6 8. c3 0-0 9. h3 Bb7 10. d4 Re8 11. Nbd2 Bf8 12. Bc2 g6 13. a3 Nb8 14. b4 Nbd7 15. Bb2 Bg7 16. d5 c6 17. c4 Qe7 18. dxc6 Bxc6 19. Rc1 Bh6 20. Bb3 Rac8 21. a4 bxa4 22. Bxa4 Nf8 23. Bxc6 Rxc6 24. Rc2 Rec8 25. c5 N8d7 26. Nc4 dxc5 27. Ncxe5 Nxe5 28. Nxe5 Re6 29. Nd3 Nxe4 30. bxc5 Rd8 31. c6 Qc7 32. Qe2 Bg7 33. Bxg7 Kxg7 34. Rc4 Nc3 35. Qc2 Rxe1+ 36. Nxe1 Nb5 37. Nf3 Qd6 38. g4 Qd1+ 39. Qxd1 1/2-1/2

[Event "SB-2020-0-00603"]
[Site "LSS email"]
[Date "2020.11.03"]
[Round "?"]
[White "Quirk, Michael"]
[Black "Lipsits, Sasha"]
[Result "0-1"]
[WhiteElo "1813"]
[BlackElo "1885"]
[PlyCount "160"]
[EventDate "2020.08.08"]
[EventType "tourn (corr)"]
[EventRounds "6"]
[EventCountry "GER"]
[SourceTitle "Corr 2024"]
[Source "ChessBase"]
[SourceDate "2023.10.19"]
[SourceVersion "1"]
[SourceVersionDate "2023.10.19"]
[SourceQuality "1"]

1. d4 d5 2. Bf4 Nf6 3. Nf3 c5 4. e3 Nc6 5. c3 Qb6 6. Qb3 c4 7. Qc2 Bf5 8. Qc1 e6 9. h3 Be7 10. Nbd2 h6 11. Be2 0-0 12. 0-0 Rfc8 13. b3 Qa5 14. b4 Qd8 15. a4 a6 16. Ne5 Nxe5 17. Bxe5 b5 18. a5 Rc6 19. Re1 Bd3 20. Qd1 Nd7 21. Bh2 Nf6 22. Bxd3 cxd3 23. Nb1 Rac8 24. Qxd3 Ne4 25. Ra3 h5 26. Rb3 Bd6 27. Bxd6 Qxd6 28. Rc1 Qc7 29. f3 Ng3 30. Rb2 g5 31. e4 Qf4 32. Re1 Qh4 33. Qe3 Qf4 34. Rd2 Kg7 35. exd5 exd5 36. Qf2 h4 37. Rdd1 Kg6 38. Qa2 Qd6 39. Qd2 Kh6 40. Re5 f6 41. Re3 Nf5 42. Ree1 Ng3 43. Qe3 Nh5 44. Qd2 Qg3 45. Qf2 Nf4 46. Qxg3 hxg3 47. Kf1 Rc4 48. Re3 R8c6 49. Rd2 Kh5 50. Rd1 Ng6 51. Ree1 Kh6 52. Re8 Nf4 53. Ree1 Kh5 54. Rd2 Rxc3 55. Nxc3 Rxc3 56. Rb1 Rc4 57. Ke1 Ne6 58. Kf1 Kg6 59. Kg1 Kg7 60. Rdd1 Kf7 61. Rd2 Kg6 62. Rdd1 Nf4 63. Rd2 Kf5 64. Kf1 Ne6 65. Ke1 Nxd4 66. Kf1 Kf4 67. Re1 Rxb4 68. Rc1 Nb3 69. Rb2 Rc4 70. Rd1 Nd4 71. Rbd2 Nf5 72. Ke2 d4 73. Kd3 Ke5 74. Re2+ Ne3 75. Rxe3+ dxe3 76. Kxe3 Ra4 77. Re1 Rxa5 78. Kd3+ Kf5 79. Re2 Ra3+ 80. Kd4 a5 0-1

[Event "SB-2020-0-00597"]
[Site "LSS email"]
[Date "2020.07.03"]
[Round "?"]
[White "Gazen, Louis"]
[Black "Quirk, Michael"]
[Result "0-1"]
[WhiteElo "1892"]
[BlackElo "1808"]
[PlyCount "42"]
[EventDate "2020.04.07"]
[EventType "tourn (corr)"]
[EventRounds "6"]
[EventCountry "GER"]
[SourceTitle "Corr 2022"]
[Source "ChessBase"]
[SourceDate "2021.10.24"]
[SourceVersion "1"]
[SourceVersionDate "2021.10.24"]
[SourceQuality "1"]

1. e4 c5 2. Nf3 e6 3. d4 cxd4 4. Nxd4 a6 5. Bd3 g6 6. Be3 Bg7 7. c4 Ne7 8. Nc3 d5 9. cxd5 exd5 10. Qc2 0-0 11. Rd1 Nd7 12. h3 dxe4 13. Bxe4 Qc7 14. 0-0 Nf6 15. Bf3 Bd7 16. Qd2 Rad8 17. Qc1 Rfe8 18. Bf4 Qc8 19. Bg4 Nxg4 20. hxg4 Bxg4 21. Nce2 Qxc1 0-1

[Event "SB-2020-0-00597"]
[Site "LSS email"]
[Date "2020.06.30"]
[Round "?"]
[White "Quirk, Michael"]
[Black "Lipsits, Sasha"]
[Result "1/2-1/2"]
[WhiteElo "1808"]
[BlackElo "1820"]
[PlyCount "64"]
[EventDate "2020.04.07"]
[EventType "tourn (corr)"]
[EventRounds "6"]
[EventCountry "GER"]
[SourceTitle "Corr 2022"]
[Source "ChessBase"]
[SourceDate "2021.10.24"]
[SourceVersion "1"]
[SourceVersionDate "2021.10.24"]
[SourceQuality "1"]

1. e4 e5 2. Nf3 Nc6 3. Bb5 Nf6 4. 0-0 Nxe4 5. d4 Nd6 6. Bxc6 dxc6 7. dxe5 Nf5 8. Qxd8+ Kxd8 9. Nc3 Ke8 10. h3 a5 11. Bf4 Be6 12. a3 Bc5 13. Rad1 h6 14. g4 Ne7 15. Nd4 Bxd4 16. Rxd4 Rd8 17. Rfd1 Rxd4 18. Rxd4 Nd5 19. Ne2 c5 20. Rd1 h5 21. Bg5 hxg4 22. Nf4 Ne7 23. Nxe6 fxe6 24. hxg4 a4 25. f4 g6 26. Bxe7 Kxe7 27. Kg2 b5 28. c3 c4 29. Rh1 Rxh1 30. Kxh1 c5 31. Kg2 Kf8 32. Kh3 Kg7 1/2-1/2

[Event "SB-2020-0-00597"]
[Site "LSS email"]
[Date "2020.06.28"]
[Round "?"]
[White "Knoeppel, Bjoern"]
[Black "Quirk, Michael"]
[Result "1/2-1/2"]
[WhiteElo "1810"]
[BlackElo "1808"]
[PlyCount "93"]
[EventDate "2020.04.07"]
[EventType "tourn (corr)"]
[EventRounds "6"]
[EventCountry "GER"]
[SourceTitle "Corr 2022"]
[Source "ChessBase"]
[SourceDate "2021.10.24"]
[SourceVersion "1"]
[SourceVersionDate "2021.10.24"]
[SourceQuality "1"]

1. c4 e5 2. g3 Nf6 3. Bg2 d5 4. cxd5 Nxd5 5. Nc3 Nb6 6. Nf3 Nc6 7. 0-0 Be7 8. a3 0-0 9. d3 Be6 10. b4 Nd4 11. Bb2 Nxf3+ 12. Bxf3 c6 13. Ne4 Nd7 14. Qc2 f5 15. Nd2 a6 16. Bc3 Qe8 17. Qb2 Bd6 18. a4 Bd5 19. e4 fxe4 20. dxe4 Be6 21. Be2 Bb8 22. Bc4 Bxc4 23. Nxc4 b5 24. Ne3 Nf6 25. axb5 cxb5 26. Qa2+ Kh8 27. f3 Ba7 28. Qe2 Qh5 29. Rfe1 Nd7 30. Kg2 Bxe3 31. Qxe3 Nb6 32. Rad1 Nc4 33. Qe2 Qe8 34. Rd5 Rf7 35. Red1 h6 36. Be1 Qe7 37. R1d3 Kh7 38. Qa2 Rff8 39. Rd7 Qf6 40. R7d5 Qe6 41. Qe2 Rf7 42. Bf2 Qe7 43. Be1 Rc8 44. h4 Rc6 45. Bc3 Rc7 46. Qe1 Rc8 47. Qh1 1/2-1/2

[Event "SB-2020-0-00589"]
[Site "LSS email"]
[Date "2020.01.14"]
[Round "?"]
[White "Korchut, Adam"]
[Black "Quirk, Michael"]
[Result "1/2-1/2"]
[WhiteElo "1828"]
[BlackElo "1829"]
[PlyCount "85"]
[EventDate "2019.12.02"]
[EventType "tourn (corr)"]
[EventRounds "6"]
[EventCountry "GER"]
[SourceTitle "Corr 2022"]
[Source "ChessBase"]
[SourceDate "2021.10.24"]
[SourceVersion "1"]
[SourceVersionDate "2021.10.24"]
[SourceQuality "1"]

1. e4 c5 2. Nc3 Nc6 3. Nf3 e5 4. Bc4 Be7 5. 0-0 d6 6. Re1 Nf6 7. d3 0-0 8. h3 Na5 9. b3 Nxc4 10. dxc4 Ne8 11. Bb2 Nc7 12. Qd2 f5 13. Nh2 f4 14. Rad1 Qe8 15. Nf3 Qh5 16. Qd3 Be6 17. Kf1 Rf6 18. Ke2 Rg6 19. Rg1 a6 20. a4 Bh4 21. Rdf1 Bf7 22. Kd2 Be7 23. Kc1 Rb8 24. Kb1 Be6 25. Nd2 b6 26. Nd5 Nxd5 27. cxd5 Bc8 28. g4 fxg3 29. Rxg3 Rxg3 30. fxg3 b5 31. g4 Qg6 32. axb5 axb5 33. b4 cxb4 34. Qb3 Ra8 35. Qxb4 Qe8 36. Qb3 Bf6 37. Ba3 Qd8 38. Kb2 Be7 39. Qc3 Bd7 40. Bb4 Be8 41. Ra1 Rc8 42. Qa3 Bg6 43. Qa5 1/2-1/2

[Event "SB-2020-0-00589"]
[Site "LSS email"]
[Date "2020.01.13"]
[Round "?"]
[White "Quirk, Michael"]
[Black "Kapatos, Endre"]
[Result "0-1"]
[WhiteElo "1829"]
[BlackElo "1819"]
[PlyCount "120"]
[EventDate "2019.12.02"]
[EventType "tourn (corr)"]
[EventRounds "6"]
[EventCountry "GER"]
[SourceTitle "Corr 2022"]
[Source "ChessBase"]
[SourceDate "2021.10.24"]
[SourceVersion "1"]
[SourceVersionDate "2021.10.24"]
[SourceQuality "1"]

1. e4 Nc6 2. d4 d5 3. e5 Bf5 4. c3 f6 5. f4 e6 6. Nf3 Be7 7. Be3 Nh6 8. Be2 Ng4 9. Bc1 fxe5 10. fxe5 0-0 11. 0-0 Na5 12. h3 Nh6 13. b4 Nc4 14. Bxh6 gxh6 15. Qc1 Kg7 16. Na3 Nxa3 17. Qxa3 a5 18. Qb3 axb4 19. cxb4 Qe8 20. a4 Qg6 21. Kh1 Kh8 22. Qc3 Rg8 23. Rg1 Qh5 24. Qe1 c6 25. a5 Qf7 26. Ra3 Rg7 27. Rb3 Rag8 28. Nh2 h5 29. Bd1 Be4 30. Bf3 Bf5 31. Qd2 Bxh3 32. Bxd5 Bf5 33. Bf3 Bg5 34. Qf2 Qe7 35. Rf1 Bh4 36. Qg1 Qd8 37. b5 cxb5 38. Ra1 Bg3 39. Rxb5 Bxh2 40. Qxh2 Rg4 41. Bxg4 Rxg4 42. Rxb7 Rh4 43. Rb4 Be4 44. a6 Qg5 45. Rb2 Bd5 46. Rf2 Rxh2+ 47. Kxh2 Qh4+ 48. Kg1 Qxd4 49. Ra3 Qa7 50. Ra4 Kg7 51. Raf4 Kg6 52. Kh2 Qe3 53. a7 Qxa7 54. Rf8 Kg7 55. R8f4 Qc7 56. Re2 Qc3 57. Ra4 Kg6 58. Rf4 Qd3 59. Ref2 Qe3 60. Rf6+ Kg5 0-1